Free radicals in solution (Record no. 20493)

MARC details
000 -LEADER
fixed length control field 00273nam a2200109Ia 4500
082 ## - DEWEY DECIMAL CLASSIFICATION NUMBER
Classification number 054.024
Item number WAL
100 ## - MAIN ENTRY--AUTHOR NAME
Personal name Walling, Chenes
245 #0 - TITLE STATEMENT
Title Free radicals in solution
260 ## - PUBLICATION, DISTRIBUTION, ETC. (IMPRINT)
Place of publication New York
Name of publisher John Wiley
Year of publication 1957
942 ## - ADDED ENTRY ELEMENTS (KOHA)
Koha item type Books
Holdings
Withdrawn status Lost status Damaged status Not for loan Home library Current library Date acquired Cost, normal purchase price Full call number Accession Number Koha item type
        RRII Library RRII Library 16/12/2021 16.00 054.024 WAL 01217 Books